| 000 | 01367cam a2200361 a 4500 | ||
|---|---|---|---|
| 001 | 000012966 | ||
| 005 | 20200929163118.0 | ||
| 008 | 900315s1989 sp b 001 0 spa d | ||
| 020 | _a8475841082 | ||
| 040 |
_aDO-SdBNP _bspa _cLC _dBNPHU |
||
| 082 |
_a324.246 _bP963 |
||
| 245 | 0 | 3 |
_aEl proceso del P.O.U.M. (junio de 1937-octubre de 1938) : _btranscripción del sumario, juicio oral y sentencia del tribunal especial / _cpresentación y notas Victor Alba y Marisa Ardevol ; colaboración Manuel Alberich ... [et al.]. |
| 260 |
_aBarcelona : _bLerna, _c1989. |
||
| 300 |
_a577 p. ; _c20 cm. |
||
| 490 | 1 | _aFilae | |
| 504 | _aBibliografía: 569-570. | ||
| 610 | 2 | 0 |
_aPARTIDO OBRERO DE UNIFICACIÓN MARXISTA _929891 |
| 650 | 4 |
_aCommunist trials _zPartidos Politicos _zEspaña _929892 |
|
| 650 | 4 |
_aCrimenes de lesa humanidad _zEspaña _929893 |
|
| 700 | 1 |
_aAlba, Victor. _929894 |
|
| 700 | 1 |
_aArdevol, Marisa. _929895 |
|
| 700 | 1 |
_aAlberich, Manuel. _929896 |
|
| 700 | 1 |
_aClop, Salvador. _929897 |
|
| 700 | 1 |
_aPadrós, Sebastià. _929898 |
|
| 700 | 1 |
_aPanadés, Enric. _929899 |
|
| 700 | 1 |
_aRocabert, Joan. _929900 |
|
| 700 | 1 |
_aRomeu, Pilar. _929901 |
|
| 700 | 1 |
_aSardà, Rafael. _929902 |
|
| 710 | 1 |
_aEspaña. _bTribunal Especial de Espionaje y Alta Traición. _929903 |
|
| 830 | 0 |
_aFilae _929904 |
|
| 910 | _aCatalogación por copia / LC | ||
| 049 | _aBNGR | ||
| 999 |
_c12613 _d12613 |
||